Virtuální polytechnická knihovna - Souborný katalog - Úplný záznam dokumentu - MARC Uživatel: --- 
-----nas  22-----zu 4500
001 SKVPK0031839
003 CZ-VPK
005 20260422083853.0
008 260422d19601961||||| | |||  ||   |||||||
040   $aABA013$bcze
222  0$aOptics and Spectroscopy
245 00$aOptics and Spectroscopy
260   $aSpojené státy americké :$bWashington : Optical Society of America,$c1960
      -1961
650 07$achemie$xch$2psh
910   $aABA013$bII 200091 Sklad$r1960-1961
OAI-PMH
 čtvrtek 14.05.2026 05:45:18 © 2001-2015 Národní technická knihovna 

[Virtuální polytechnická knihovna] [Servisní centrum] [Souborný katalog]